| 000 | 00561 a2200169 4500 | ||
|---|---|---|---|
| 003 | Nust | ||
| 005 | 20230314101408.0 | ||
| 040 | _cNust | ||
| 082 | _a370,DEN | ||
| 100 |
_aDent, H. C. _9110226 |
||
| 245 |
_aEducation in Transition : _ba sociological study of the Impact of Wwar on English Education 1939-19343 / _cH.C.Dent |
||
| 260 |
_aLondon _bKegan Paul _c1943 |
||
| 300 | _a244, p: | ||
| 505 | _aDisintegration (Page-1), Recuperation (Page-33), Adaptation (Page-79), Ferment (Page-163). | ||
| 650 |
_aEducation in transmission _9110227 |
||
| 942 |
_2ddc _cBK |
||
| 999 |
_c185760 _d185760 |
||